000 00693nam a2200169 a 4500
008 120416s1999 ||||||||||||||||| || u
020 _a0748720847
050 _aHD 31 Gre
100 _aGreasley, Andrew
245 1 0 _aOperations management in business
260 _aCheltenham
_bStanley Thornes
_c1999
350 _a0.00
650 0 _aMANAGEMENT
650 _aOPERATIONS MANAGEMENT
995 _D0.00
_FCBU-MAIN LIBRARY (Kitwe)
_H1
_I24.00
_M1
_UAVAILABLE
_ZMain Library Open Access Collection
995 _D0.00
_FCBU-MAIN LIBRARY (Kitwe)
_H2
_I24.00
_M2
_UDAMAGED
_ZMain Library Open Access Collection
999 _c81590
_d81590